01220nam a22002651i 450000100060000000300080000600500170001400800410003103500190007204000260009104100080011708200240012510000370014924501390018626000320032530000250035750400310038265000490041370000380046294200120050099900170051295201430052995201410067295201410081335886BD-RjUL20211209052409.0140611s1950 stk 00010 eng d a(BD-RjUL)35982 aBD-RjULbengcBD-RjUL aeng a320.9bCAH V-1 19501 aCarlyle, Robert Warrend.910928012aA history of medieval political theory in the west /cby R. W. Carlyle and A. J. Carlyle :nVol One :pThe Second Century to the Ninth aEdinb. :bBlackwood,c1950. axiv,313 p. ;c21 cm. aBibliographical footnotes. 0aPolitical sciencexHistoryyTo 1500.91084721 aCarlyle, Alexander James.9109281 2ddccBK c35886d35886 00102ddc40718NFICaRUCLbRUCLcReadingd1963-01-07eZeitlingerg25.00l0o320.9 CAH V-1 1950r2014-06-11 00:00:00tC-1w2014-06-11yBK 00102ddc40708NFICaRUCLbRUCLcStackd1963-01-07eZeitlingerg25.00l0o320.9 CAH V-1 1950r2014-06-11 00:00:00tC-2w2014-06-11yBK 00102ddc40708NFICaRUCLbRUCLcStackd1963-01-07eZeitlingerg25.00l0o320.9 CAH V-1 1950r2014-06-11 00:00:00tC-3w2014-06-11yBK